000 00417nam a2200181Ia 4500
005 20250423095950.0
008 250422s9999 xx 000 0 und d
020 _a978-978-023-061-0
050 _aKP 97 .F6/
100 _aForgam P.K
245 0 _aLaw of Contract[simplified series]
260 _aLagos
260 _bMalthouse
260 _c2016
300 _a89 p
650 _aLaw of contract
942 _cBK
999 _c31876
_d31876